Death of a Bachelor - Panic! At The Disco (All Lyrics) - Statistics

General Stats
  • This quiz has been taken 326 times
  • The average score is 240 of 275
Answer Stats
Death of a Bachelor % Correct
I
100%
a
99%
of
99%
the
99%
The
99%
bachelor
97%
death
97%
bachelor
96%
you
96%
be
94%
my
94%
Verse 1 Do
93%
do
93%
on
93%
to
93%
for
92%
how
92%
I'm
92%
me
92%
see
92%
so
92%
best
91%
ever
91%
look
90%
oh
90%
fall
89%
have
88%
more?
88%
more
88%
your
88%
after
87%
lonely?
87%
ask
86%
at
86%
don't
86%
heart
86%
it
86%
live?
86%
can
85%
same
85%
could
84%
in
84%
water
84%
and
83%
And
83%
chest
83%
face
83%
People
83%
told
83%
with
83%
neck
82%
playing
82%
Seems
82%
shadows
82%
sky
82%
too
82%
watching
82%
dress
81%
when
81%
lost
80%
Letting
79%
Maybe
79%
weight
79%
am
78%
Happily
78%
expense
77%
hooky
77%
long
77%
think
77%
had?
76%
that
76%
just
75%
lace
75%
road
75%
Lifetime
74%
walking
74%
laughter
73%
Lifetime
73%
two
73%
you're
73%
one
72%
table
72%
you've
72%
drink
71%
is
71%
served
71%
though
70%
wanna
70%
Alone
69%
even
69%
fitting
69%
smile
68%
sad
67%
burst
66%
going
66%
tangles
66%
off
65%
Share
65%
like
64%
feels
62%
mind
62%
ooh
61%
Ooh
61%
cutting
53%
out
37%
Pull
27%
No matching quizzes found
Score Distribution
Percent of People with Each Score
Percentile by Number Answered
Your Score History
You have not taken this quiz